滑走路が複数ある空港を選ぶ -サドンデス- - Statistics

General Stats
  • This quiz has been taken 209 times
    205 since last reset
  • The average score is 6 of 11
Answers on the Grid
Answers color-coded by a green-red scale on the quiz's grid according to % correct below.
旭川
新千歳
札幌(丘珠)
函館
青森
仙台
福島
新潟
富山
茨城(百里)
成田国際
羽田(東京国際)
中部国際
八尾
伊丹(大阪国際)
関西国際
南紀白浜
神戸
鳥取
広島
高松
高知
福岡
北九州
熊本
大分
宮崎
奄美
那覇
石垣
 
Answer Stats
Answer % Correct
4 羽田(東京国際)
81%
2 関西国際
78%
2 成田国際
75%
2(4) 新千歳
69%
2 伊丹(大阪国際)
61%
2 那覇
54%
2 福岡
41%
2 仙台
39%
2 茨城(百里)
24%
2 新潟
23%
2 八尾
22%
No matching quizzes found
Score Distribution
Percent of People with Each Score
Percentile by Number Answered
Your Score History
You have not taken this quiz since the last reset